[Event "Tatry Open"]
[Site "Tatranske Zruby CZE"]
[Date "2010.10.05"]
[Round "5"]
[White "Paur,D"]
[Black "Obona,J"]
[Result "1/2-1/2"]
[WhiteElo "1975"]
[BlackElo "2145"]

1.e4 c5 2.Nf3 d6 3.d4 cxd4 4.Nxd4 Nf6 5.Nc3 a6 6.g3 e5 7.Nb3 Nbd7 8.Bg2 Be7
9.O-O O-O 10.Bg5 h6 11.Bxf6 Nxf6 12.Nd5 Nxd5 13.Qxd5 Qc7 14.c3 Be6 15.Qd2 a5
16.h4 Rfc8 17.Nc1 b5 18.Nd3 Rab8 19.a3 Qc4 20.Kh2 Rd8 21.Rae1 f6 22.Qe3 Rb7
23.Rd1 d5 24.exd5 Bxd5 25.Ne1 Rbd7 26.Bxd5+ Rxd5 27.Rxd5 Rxd5 28.Kg2 Bc5
29.Qc1 Qe2 30.Nf3 e4 31.Nd4 Bxd4 32.cxd4 Qf3+ 33.Kg1 Rxd4 34.Re1 Rd3 35.Qc6 f5
36.Qxb5 Rd2 37.Qb6 a4 38.Rc1 Kh7 39.Re1 Rd3 40.Qc6 Rd2 41.Qb6 f4 42.gxf4 Qg4+
43.Kf1 Qxh4 44.Kg1 Qg4+ 45.Kf1 Qh4 46.Kg1 Qg4+ 47.Kf1 Qh4  1/2-1/2

[Event "Tatry Open"]
[Site "Tatranske Zruby CZE"]
[Date "2010.10.08"]
[Round "8"]
[White "Knotek,A"]
[Black "Socha,J"]
[Result "0-1"]
[WhiteElo "1882"]
[BlackElo "2037"]

1.e4 c5 2.Nf3 d6 3.d4 cxd4 4.Nxd4 Nf6 5.Nc3 a6 6.g3 e5 7.Nde2 Be7 8.Bg2 b5
9.Nd5 Bb7 10.Nxf6+ Bxf6 11.Nc3 O-O 12.O-O Be7 13.Nd5 Nd7 14.Be3 Bxd5 15.Qxd5 Nb6
16.Qb3 Nc4 17.Bc1 Rc8 18.a4 Qc7 19.axb5 axb5 20.Qa2 Nb6 21.Be3 Nc4 22.Bc1 Nb6
23.c3 Ra8 24.Qb1 Rxa1 25.Qxa1 Ra8 26.Qb1 Qc4 27.Be3 Nd7 28.Qc2 b4 29.Qd2 bxc3
30.Qxc3 Qxc3 31.bxc3 Rc8 32.Rc1 Nc5 33.f3 Nd3 34.Bh3 Nxc1 35.Bxc8 Ne2+ 36.Kf2 Nxc3
37.Ke1 d5 38.exd5 Nxd5 39.Bd2 Bb4 40.Bb7 Bxd2+ 41.Kxd2 Ne7 42.Kd3 f5 43.h4 Kf7
44.Kc4 Kf6 45.Kc5 Ng6 46.h5 Nf8 47.Kd6 Ne6 48.g4 fxg4 49.fxg4 h6 50.Bf3 Nf4
51.Be4 Nh3 52.Bf5 Nf2 53.Kd5 Kg5 54.Kxe5 Nxg4+ 55.Ke6 Nf6 56.Bg6 Nxh5 57.Kf7 Nf4
58.Be4 g6 59.Kg7 h5 60.Kf7 h4 61.Ke7 h3 62.Kd6 Ng2 63.Ke5 Kg4  0-1

[Event "Unive Open"]
[Site "Hoogeveen NED"]
[Date "2010.10.26"]
[Round "5"]
[White "Matsenko,S"]
[Black "Raznikov,D"]
[Result "1/2-1/2"]
[WhiteElo "2461"]
[BlackElo "2354"]

1.e4 c5 2.Nf3 d6 3.d4 cxd4 4.Nxd4 Nf6 5.Nc3 a6 6.g3 e5 7.Nb3 Be7 8.Bg2 b5
9.Nd5 Nxd5 10.Qxd5 Ra7 11.Be3 Be6 12.Qd2 Rd7 13.O-O-O Qc7 14.Kb1 Nc6 15.f4 Bg4
16.Rdf1 a5 17.f5 f6 18.Nc1 Bh5 19.Nd3 O-O 20.Rhg1 Bf7 21.Rc1 d5 22.exd5 Bxd5
23.Bxd5+ Rxd5 24.Qg2 Rfd8 25.g4 Nd4 26.Bd2 a4 27.g5 fxg5 28.Bxg5 Bxg5 29.Qxg5 Nf3
30.Qe3 Nxg1 31.Rxg1 Rf8 32.b3 a3 33.Qc1 Qe7 34.b4 e4 35.Nc5 Rdxf5 36.Re1 Re5
37.Qxa3 e3 38.Nd3 Ref5 39.Nc1 Re8 40.Qb3+ Kh8 41.a3 h6 42.Qd3 Re5 43.Re2 Qh4
44.Qd7 Rd8 45.Qc7 Re4 46.Qb6 Qg5 47.Nd3 Ree8 48.Qc6 Rf8 49.Qc3 Qg1+ 50.Kb2 Rf2
51.Re1 Rf1 52.Re2 Rf2 53.Re1 Rf1 54.Re2 Rff8 55.Ne1 Rc8 56.Qxe3 Qxe3 57.Rxe3 Rfe8
58.Rxe8+ Rxe8 59.Nd3 g5 60.a4 bxa4 61.b5 Kg7 62.Ka3 Kf6 63.Kxa4 Ke6 64.b6 g4
65.Kb5 h5 66.b7 h4 67.Kc6 g3 68.hxg3 hxg3 69.Ne1 Ke5 70.Kc7 Kd4 71.b8=Q Rxb8
72.Kxb8 Kc3 73.Kc7 g2 74.Nxg2 Kxc2  1/2-1/2

[Event "Unive Open"]
[Site "Hoogeveen NED"]
[Date "2010.10.27"]
[Round "6"]
[White "Okkes,M"]
[Black "Bonafede,A"]
[Result "0-1"]
[WhiteElo "2378"]
[BlackElo "2280"]

1.e4 c5 2.Nf3 d6 3.d4 cxd4 4.Nxd4 Nf6 5.Nc3 a6 6.g3 Bg4 7.f3 e5 8.Nb3 Be6
9.f4 Nc6 10.f5 Bxb3 11.axb3 d5 12.Nxd5 Nxd5 13.exd5 Nd4 14.Bg2 Qb6 15.Bd2 Nxf5
16.Qe2 Bd6 17.Ba5 Qc5 18.c3 O-O 19.Bb4 Qb6 20.Rf1 Bxb4 21.Rxf5 Bd6 22.b4 a5
23.b5 a4 24.g4 a3 25.bxa3 Qc5 26.c4 Qg1+ 27.Rf1 Bb4+ 28.Kd1 Qd4+ 29.Kc2 Qc3+
30.Kb1 Bxa3 31.Qa2 Ra4 32.Be4 Rb4+  0-1

[Event "WY Boys-U16"]
[Site "Porto Carras GRE"]
[Date "2010.10.30"]
[Round "11.12"]
[White "Srbis,J"]
[Black "Ten Hertog,H"]
[Result "0-1"]
[WhiteElo "2277"]
[BlackElo "2208"]

1.e4 c5 2.Nf3 d6 3.d4 cxd4 4.Nxd4 Nf6 5.Nc3 a6 6.g3 e5 7.Nb3 Be7 8.Bg2 b5
9.a4 b4 10.Nd5 Nxd5 11.Qxd5 Ra7 12.Be3 Be6 13.Qd2 Rb7 14.a5 Nd7 15.O-O O-O
16.Rfd1 Qc8 17.Bf1 Rc7 18.Qxb4 Rxc2 19.Rac1 Rxc1 20.Rxc1 Qa8 21.Nd2 Nc5 22.Bxc5 dxc5
23.Qc3 Rd8 24.Re1 Rd4 25.Qc2 f6 26.Bc4 Bxc4 27.Nxc4 Qc6 28.b3 h6 29.Re2 Kf7
30.Qc3 Kg8 31.Qc2 Bd8 32.h4 Bc7 33.Qc3 Qb5 34.h5 Qe8 35.Qf3 Qd7 36.Kg2 Qe6
37.Rc2 Qc6 38.Ne3 Bxa5 39.Nf5 Rd7 40.Qg4 Kh8 41.Rc1 Bd2 42.Rd1 Bg5 43.Rxd7 Qxd7
44.Qe2 Qb5 45.Qd1 Qb7 46.f3 Kh7 47.Qd3 Qb5 48.Qc2 Qb4 49.Kh3 g6 50.hxg6+ Kxg6
51.f4 exf4 52.e5 fxe5 53.Ne7+ Kf7 54.Nd5 Qb8 55.Qh7+ Ke6 56.Nc3 Qc8 57.Qg6+ Ke7+
58.g4 Qe6 59.Qg7+ Ke8 60.Qb7 h5 61.Nd5 hxg4+ 62.Kg2 f3+ 63.Kf1 Kf8 64.Nc7 Qd7
65.Qa8+ Kg7 66.Ne8+ Kh6 67.Qxa6+ Kh5 68.Nd6 Qh7  0-1

[Event "TCh-NED"]
[Site "Netherlands NED"]
[Date "2010.11.20"]
[Round "3.10"]
[White "Hoolt,S"]
[Black "Jens,J"]
[Result "0-1"]
[WhiteElo "2251"]
[BlackElo "2387"]

1.e4 c5 2.Nf3 d6 3.d4 cxd4 4.Nxd4 Nf6 5.Nc3 a6 6.g3 e5 7.Nde2 Nbd7 8.Bg2 b5
9.h3 Bb7 10.g4 Nb6 11.Nd5 Nfxd5 12.exd5 Be7 13.Qd3 Bg5 14.Bxg5 Qxg5 15.Ng3 O-O
16.Nf5 Rad8 17.Ne3 Qf4 18.O-O-O Qxf2 19.Rdf1 Qh4 20.Nf5 Qg5+ 21.Kb1 Bc8 22.Ne3 Qh4
23.Be4 g6 24.Rf3 Nc4 25.Nxc4 bxc4 26.Qf1 f5  0-1

[Event "XXIII Belgrade Trophy"]
[Site "Obrenovac SRB"]
[Date "2010.11.25"]
[Round "2.41"]
[White "Zivkovic,Sava"]
[Black "Volas,N"]
[Result "1-0"]
[WhiteElo "2298"]
[BlackElo "2104"]

1.e4 c5 2.Nf3 d6 3.d4 cxd4 4.Nxd4 Nf6 5.Nc3 a6 6.g3 e5 7.Nde2 b5 8.Bg2 Bb7
9.O-O Nbd7 10.h3 Be7 11.g4 h6 12.Ng3 g6 13.a4 b4 14.Na2 a5 15.c3 Ba6 16.Re1 Rb8
17.cxb4 axb4 18.Bd2 Qa5 19.Bf1 Bxf1 20.Nxf1 Nc5 21.Qf3 Kf8 22.b3 Kg7 23.Rac1 Ne6
24.Rc4 Nd4 25.Qd3 d5 26.exd5 Bd6 27.f3 Nxd5 28.Ng3 Ne6 29.Ne4 Be7 30.Nf2 Bf6
31.Rc6 Ndf4 32.Bxf4 Nxf4 33.Qc4 Bh4 34.Rc7 Rhf8 35.Rd1 Qb6 36.Qc5 Bxf2+ 37.Kxf2 Nxh3+
38.Kg3 Qf6 39.Qc6 Nf4 40.Qxf6+ Kxf6 41.a5 Rfd8 42.Rxd8 Rxd8 43.Rc2 Ra8 44.Rc6+ Kg5
45.a6 Rd8 46.Rc2 h5 47.Nxb4 h4+ 48.Kh2 f5 49.gxf5 Kxf5 50.a7 Ra8 51.Rc7 Rd8
52.Rc2 Ra8 53.Ra2 e4 54.Ra5+ Kf6 55.fxe4 g5 56.Nc6 Kg6 57.Rb5 g4 58.Rb8 g3+
59.Kh1 g2+ 60.Kh2 Rxa7 61.Nxa7 h3 62.Nc6  1-0

[Event "Amitan Memorial"]
[Site "Donetsk UKR"]
[Date "2010.12.25"]
[Round "8"]
[White "Sitnikov,A"]
[Black "Hamitevici,V"]
[Result "1-0"]
[WhiteElo "2470"]
[BlackElo "2417"]

1.e4 c5 2.Nf3 d6 3.d4 cxd4 4.Nxd4 Nf6 5.Nc3 a6 6.g3 e5 7.Nb3 Nbd7 8.Bg2 Be7
9.O-O O-O 10.a4 b6 11.Nd2 Bb7 12.Nc4 Nc5 13.Bg5 Nxa4 14.Nxa4 b5 15.Bxf6 gxf6
16.Nab6 bxc4 17.Nxa8 Qxa8 18.Qg4+ Kh8 19.Rfe1 Bc8 20.Qe2 Be6 21.Ra2 Qb7 22.Rea1 Ra8
23.c3 Qb6 24.Bf3 a5 25.Bg4 Qc5 26.Ra4 Bxg4 27.Qxg4 Bd8 28.Qe2 Rc8 29.Rd1 Qc6
30.Raa1 Rb8 31.Rd5 Bc7 32.Rad1 Rb3 33.Qf3 Kg7 34.Qg4+ Kf8 35.Qc8+ Ke7 36.Rxa5 Rb8
37.Ra6 Qc5 38.Qf5 Rxb2 39.Rd5  1-0

[Event "37th ch-IND w"]
[Site "Bhubaneswar IND"]
[Date "2010.12.27"]
[Round "3"]
[White "Amrutha,M"]
[Black "Shweta,G"]
[Result "0-1"]
[WhiteElo "2089"]
[BlackElo "1906"]

1.e4 c5 2.Nf3 d6 3.d4 cxd4 4.Nxd4 Nf6 5.Nc3 a6 6.g3 g6 7.Bg2 Bg7 8.O-O O-O
9.a4 Bg4 10.f3 Bd7 11.a5 Qc7 12.Be3 Nc6 13.Nxc6 bxc6 14.Na4 c5 15.e5 dxe5
16.Nxc5 Bb5 17.Rf2 Rad8 18.Rd2 Rxd2 19.Qxd2 Rd8 20.Qe1 Nd5 21.Bf2 Qc8 22.Rc1 Bc6
23.c4 Nc7 24.b4 Qf5 25.Ne4 Qd7 26.Bb6 Bxe4 27.fxe4 Bh6 28.Rc2 Rc8 29.Qe2 Qa4
30.Bh3 e6 31.b5 Nxb5 32.Qd3 Nd4 33.Bxd4 exd4 34.Bf1 Be3+ 35.Kg2 Qxa5 36.c5 Rxc5
37.Rxc5 Qxc5 38.Qxa6 Qc2+ 39.Kh3 Qxe4 40.Qb5 h5 41.Be2 Kg7 42.Bd3 Qf3 43.Be2 Qf6
44.Qd3 e5 45.Qe4 Kh6 46.Qf3 Qxf3 47.Bxf3 f5 48.Kg2 e4 49.Bd1 d3 50.h4 g5
51.hxg5+ Kxg5 52.Kf1 h4 53.gxh4+ Kxh4 54.Ke1 f4 55.Bb3 Kg5 56.Bd5 Kf5 57.Bb3 Bb6
58.Bc4 Ke5  0-1

[Event "19th Donau Open"]
[Site "Aschach AUT"]
[Date "2010.12.28"]
[Round "4"]
[White "Gantar,J"]
[Black "Mazi,L"]
[Result "0-1"]
[WhiteElo "2134"]
[BlackElo "2375"]

1.e4 c5 2.Nf3 d6 3.d4 cxd4 4.Nxd4 Nf6 5.Nc3 a6 6.g3 e6 7.Bg2 Qc7 8.O-O Nc6
9.Nxc6 bxc6 10.Na4 Rb8 11.c4 c5 12.b3 Be7 13.Bb2 O-O 14.Qc2 Bb7 15.Rad1 Rfd8
16.h3 Nd7 17.Kh2 Bc6 18.Nc3 Qb7 19.Rfe1 Ne5 20.Ba1 Be8 21.Ne2 Qc7 22.Nf4 Nc6
23.Qe2 Bf8 24.h4 a5 25.Bh3 Qa7 26.Nd3 a4 27.Rb1 axb3 28.Rxb3 Qa4 29.Nc1 Rxb3
30.Nxb3 Ra8 31.Bb2 Nb4 32.Ra1 Rb8 33.Bc3 Bc6 34.Bg2 Bb7 35.h5 h6 36.Bh3 Ba6
37.Bf1 d5 38.exd5 exd5 39.Qe5 Re8 40.Nxc5 Qc6 41.Qxe8 Qxe8 42.Bxb4 Qe5 43.Re1 Qxh5+
44.Kg1 Bxc5 45.Bxc5 dxc4 46.Bb4 Bb7 47.Bg2 Bxg2 48.Kxg2 Qd5+ 49.Kg1 Qa8 50.a3 Kh7
51.Re5 Qa4 52.Re3 h5 53.Rc3 Qc6 54.Re3 Kg6 55.Bc3 f6 56.Bb4 Kf5 57.Bc3 Kg4
58.Kh2 Kf5 59.Bb4 Kg6 60.Be1 Qd7 61.Bb4 Qd1 62.Kg2 Kf5 63.Bc3 Qd5+ 64.Kh2 Qc6
65.Bb4 g5 66.Bc3 Kg4 67.Bb4 h4 68.gxh4 Kxh4 69.Rh3+ Kg4 70.Re3 f5 71.Rg3+ Kh5
72.Rh3+ Kg6 73.Rg3 f4 74.Rc3 g4 75.Rc1 Kf5 76.Rc3 f3 77.Kg1 Qh6  0-1

[Event "Unna Open 2010"]
[Site "Unna GER"]
[Date "2010.12.29"]
[Round "5.3"]
[White "Arndt,S"]
[Black "Berens,T"]
[Result "1/2-1/2"]
[WhiteElo "2206"]
[BlackElo "2048"]

1.e4 c5 2.Nf3 d6 3.d4 cxd4 4.Nxd4 Nf6 5.Nc3 a6 6.g3 e5 7.Nde2 b5 8.Bg2 Bb7
9.O-O Be7 10.h3 Nbd7 11.g4 Nb6 12.Ng3 O-O 13.Nf5 b4 14.Nd5 Nfxd5 15.exd5 Bf6
16.a3 g6 17.Ng3 a5 18.Bh6 Bg7 19.Bxg7 Kxg7 20.axb4 axb4 21.Qd2 Qc7 22.Nh5+ gxh5
23.Qg5+ Kh8 24.Qf6+ Kg8 25.Qg5+ Kh8 26.Qf6+  1/2-1/2

[Event "Rilton Cup 2010-11"]
[Site "Stockholm SWE"]
[Date "2011.01.04"]
[Round "8"]
[White "Souleidis,G"]
[Black "Arman,D"]
[Result "0-1"]
[WhiteElo "2411"]
[BlackElo "2297"]

1.e4 c5 2.Nf3 d6 3.d4 cxd4 4.Nxd4 Nf6 5.Nc3 a6 6.g3 e5 7.Nb3 b5 8.Bg2 Nbd7
9.O-O Be7 10.a4 b4 11.Nd5 Nxd5 12.Qxd5 Qc7 13.Be3 Bb7 14.Qa5 Rc8 15.Qxc7 Rxc7
16.Na5 Ba8 17.c3 bxc3 18.b4 O-O 19.b5 axb5 20.axb5 Rb8 21.Rab1 c2 22.Rb2 Bd8
23.Rc1 Rcc8 24.Ba7 Bxa5 25.Bxb8 Rxb8 26.Rbxc2 Nc5 27.Ra2 Bb6 28.Rd1 Rd8 29.Rad2 Nb7
30.Ra2 Bd4 31.Rb1 Nc5 32.b6 Bb7 33.Kf1 Rb8 34.f3 Ba6+ 35.Ke1 Bd3 36.Rc1 g6
37.Ra5 Bb2  0-1

[Event "Australian Open"]
[Site "Cammeray AUS"]
[Date "2011.01.13"]
[Round "11.21"]
[White "Lay,Peter D"]
[Black "Rachmadi,H"]
[Result "1-0"]
[WhiteElo "1987"]
[BlackElo "1836"]

1.e4 c5 2.Nf3 d6 3.d4 cxd4 4.Nxd4 Nf6 5.Nc3 a6 6.g3 e6 7.Bg2 Be7 8.O-O O-O
9.Be3 Qc7 10.f4 Nc6 11.Nxc6 bxc6 12.g4 Rb8 13.g5 Nd7 14.Rb1 Qa5 15.Qe1 Bd8
16.Kh1 d5 17.Qh4 Re8 18.Rf3 Nf8 19.Rg3 Ng6 20.Qh5 Bb6 21.b4 Bxe3 22.bxa5 Rxb1+
23.Nxb1 Nxf4 24.Qf3 d4 25.e5 Bb7 26.Qf1 Nxg2 27.Kxg2 c5+ 28.Kh3 Be4 29.Na3 Bf5+
30.Kh4 h6 31.gxh6 Bxh6 32.Rf3 Be4 33.Rb3 Kh7 34.Qxf7 Bg6 35.Qf2 Re7 36.Rf3 Rb7
37.Nc4 Rb4 38.Qe2 Rb1 39.Nd6 Rc1 40.Ne4 c4 41.Rg3 Bf5 42.Ng5+ Kg8 43.Qh5 Bxg5+
44.Qxg5 g6 45.Qxc1  1-0

[Event "ch-CRO"]
[Site "Marija Bistrica CRO"]
[Date "2011.01.17"]
[Round "1"]
[White "Palac,M"]
[Black "Brkic,A"]
[Result "1/2-1/2"]
[WhiteElo "2578"]
[BlackElo "2564"]

1.e4 c5 2.Nf3 d6 3.d4 cxd4 4.Nxd4 Nf6 5.Nc3 a6 6.g3 e5 7.Nb3 Nbd7 8.a4 b6
9.Bg5 Qc7 10.Nd2 h6 11.Bxf6 Nxf6 12.Bc4 Bb7 13.Qe2 Be7 14.O-O O-O 15.Rfd1 Rfc8
16.Bb3 Bc6 17.Nf1 Rab8 18.f3 b5 19.axb5 axb5 20.Ne3 Qb7 21.Ncd5 Bxd5 22.Bxd5 Qb6
23.Kg2 Rc7 24.Ra3 Rbc8 25.c3 Ra7 26.Rb3 Rc5 27.Nc4 Qb8 28.Na3 Ra5 29.Rb4 Qe8
30.Rb3 g6 31.Nc2 h5 32.h4  1/2-1/2

[Event "3rd Chennai Open"]
[Site "Chennai IND"]
[Date "2011.01.24"]
[Round "9"]
[White "G.,A"]
[Black "Vishnu,P"]
[Result "1/2-1/2"]
[WhiteElo "2214"]
[BlackElo "2369"]

1.e4 c5 2.Nf3 d6 3.d4 cxd4 4.Nxd4 Nf6 5.Nc3 a6 6.g3 e5 7.Nde2 Nbd7 8.Bg2 b5
9.O-O Bb7 10.h3 b4 11.Nd5 Nxd5 12.exd5 a5 13.Be3 Ba6 14.Qd2 Be7 15.a3 O-O
16.axb4 axb4 17.b3 Qc7 18.g4 Rfb8 19.Rfc1 g6 20.Ng3 Nb6 21.Qxb4 Nxd5 22.Qd2 Nc3
23.Bxa8 Rxa8 24.b4 Qc6 25.Kh2 Rc8 26.f4 Bh4 27.Qg2 Qxg2+ 28.Kxg2 Bb7+ 29.Kh2 Bxg3+
30.Kxg3 exf4+ 31.Kf2 fxe3+ 32.Kxe3 d5 33.Rf1 Rd8 34.Kd4 Ne2+ 35.Kc5 Rc8+
36.Kb6 Bc6 37.b5 Be8 38.Kb7 Rxc2 39.Ra8 Kf8 40.b6 Nd4 41.Rc8 Rb2 42.Rd1 Rb4
43.Re1 Ne6 44.Ka7 Ke7 45.b7 Ra4+ 46.Kb6 Rb4+ 47.Ka7 Ra4+ 48.Kb6 Rb4+ 49.Ka7 Ra4+  1/2-1/2

[Event "71st ch-ARM"]
[Site "Yerevan ARM"]
[Date "2011.01.27"]
[Round "9"]
[White "Ter Sahakyan,S"]
[Black "Andriasian,Z"]
[Result "1/2-1/2"]
[WhiteElo "2541"]
[BlackElo "2585"]

1.e4 c5 2.Nf3 d6 3.d4 cxd4 4.Nxd4 Nf6 5.Nc3 a6 6.g3 e5 7.Nde2 Be7 8.Bg2 b5
9.a4 bxa4 10.O-O Nbd7 11.Nxa4 Bb7 12.Nec3 O-O 13.Qe2 Qc7 14.Rd1 Rfc8 15.b3 Bc6
16.Ra2 Qb7 17.Ba3 Bb5 18.Qe3 Nc5 19.Nxc5 dxc5 20.Nd5 Nxd5 21.Rxd5 c4 22.Rxe5 Bxa3
23.Rxa3 Qc7 24.Rf5 cxb3 25.Qxb3 Bc4 26.Qe3 Be6 27.Rfa5 Qxc2 28.Ra1 Bc4 29.Bf1  1/2-1/2

[Event "Frauenbundesliga 1st Div 2010-11"]
[Site "Germany GER"]
[Date "2011.01.29"]
[Round "6.2"]
[White "Madl,I"]
[Black "Zakurdjaeva,I"]
[Result "1-0"]
[WhiteElo "2400"]
[BlackElo "2290"]

1.e4 c5 2.Nf3 d6 3.d4 cxd4 4.Nxd4 Nf6 5.Nc3 a6 6.g3 e5 7.Nb3 Be7 8.a4 b6
9.Bg2 Nbd7 10.Nd2 O-O 11.Nc4 Nc5 12.Bg5 Bg4 13.Qc1 Be6 14.Ne3 b5 15.axb5 axb5
16.Rxa8 Qxa8 17.O-O Qb7 18.Bxf6 Bxf6 19.Qd2 Be7 20.Ncd5 Rc8 21.Nxe7+ Qxe7
22.Rd1 Rc6 23.Qa5 g6 24.Qxb5 Qc7 25.Ra1 Kg7 26.b3 Nd7 27.h4 Rb6 28.Qd3 Rc6
29.Qd2 Nf6 30.Bf3 h5 31.c4 Rb6 32.Rb1 Qb7 33.b4 Nxe4 34.Qc2 f5 35.Bxe4 fxe4
36.b5 Qf7 37.Qxe4 Bf5 38.Nxf5+ Qxf5 39.Qxf5 gxf5 40.Ra1 Rb7 41.Ra6 Rd7 42.Kf1 Kf7
43.Ke2 Ke7 44.Kd3 Rd8 45.Kc3 Rc8 46.Kb4 Ke6 47.Rc6 Ra8 48.c5 Ra2 49.Rxd6+ Ke7
50.b6 Rxf2 51.Kb5 e4 52.b7  1-0

[Event "16th HIT Open"]
[Site "Nova Gorica SLO"]
[Date "2011.01.29"]
[Round "2"]
[White "Debevec,B"]
[Black "Vovk,Y"]
[Result "0-1"]
[WhiteElo "2131"]
[BlackElo "2539"]

1.e4 c5 2.Nf3 d6 3.d4 cxd4 4.Nxd4 Nf6 5.Nc3 a6 6.g3 e5 7.Nde2 Be7 8.Bg2 O-O
9.O-O b5 10.h3 Bb7 11.g4 b4 12.Nd5 Nxd5 13.exd5 f5 14.gxf5 Rxf5 15.Ng3 Rf7
16.a3 bxa3 17.Rxa3 Nd7 18.c4 Bg5 19.Be3 Bxe3 20.fxe3 Rxf1+ 21.Bxf1 a5 22.Ne4 Nf6
23.Nxf6+ Qxf6 24.Bg2 Rc8 25.b3 Rc5 26.Qe1 Qd8 27.Kh2 Bc8 28.Be4 Bd7 29.Bd3 Qf6
30.Ra2 e4 31.Bf1 h5 32.Rc2 Rc8 33.Bg2 h4 34.Qf2 Bf5 35.Kh1 Rb8 36.Qf4 Rxb3
37.Rf2 Rb1+ 38.Kh2 g6 39.Rf1 Rxf1 40.Qxf1 Qe5+ 41.Kh1 Qg3 42.Qb1 Qxe3 43.Qb8+ Kg7
44.Qc7+ Kh6 45.Qxd6 Qe1+ 46.Kh2 Qg3+ 47.Qxg3 hxg3+ 48.Kxg3 a4 49.d6 a3 50.Bxe4 a2
51.Bxf5 a1=Q 52.d7 Qe1+ 53.Kf3 Qd1+ 54.Ke3 gxf5  0-1

[Event "Moscow Open F Women"]
[Site "Moscow RUS"]
[Date "2011.01.30"]
[Round "2"]
[White "Kovanova,B"]
[Black "Kineva,E"]
[Result "1-0"]
[WhiteElo "2391"]
[BlackElo "2120"]

1.e4 c5 2.Nf3 d6 3.d4 cxd4 4.Nxd4 Nf6 5.Nc3 a6 6.g3 e5 7.Nde2 Be7 8.a4 Nc6
9.Bg2 O-O 10.O-O b6 11.h3 Bb7 12.Be3 Rc8 13.g4 Nb4 14.f4 Rc4 15.Ng3 exf4
16.Bxf4 d5 17.Qe2 b5 18.axb5 axb5 19.Rad1 Qb6+ 20.Kh1 d4 21.Nf5 Bc5 22.e5 Bxg2+
23.Qxg2 dxc3 24.exf6 cxb2 25.fxg7 Re8 26.Rde1 Qd8 27.Be5 Re6 28.Bxb2 Bd4
29.Bxd4 Rxd4 30.Rxe6 fxe6 31.Nxd4  1-0

[Event "16th HIT Open"]
[Site "Nova Gorica SLO"]
[Date "2011.02.01"]
[Round "7"]
[White "Pirs,M2"]
[Black "Topic,Je"]
[Result "1/2-1/2"]
[WhiteElo "2090"]
[BlackElo "1937"]

1.e4 c5 2.Nf3 d6 3.d4 cxd4 4.Nxd4 Nf6 5.Nc3 a6 6.g3 e5 7.Nde2 Be6 8.Bg2 Be7
9.h3 O-O 10.O-O b5 11.a3 Nbd7 12.Be3 Nb6 13.b3 Rc8 14.f4 h5 15.f5 Bd7 16.Bf3 Bc6
17.Bg5 Nbd7 18.Qd2 Qb6+ 19.Kh2 Qb7 20.Qe3 Bd8 21.Rad1 Bb6 22.Qd2 Bc7 23.Nd5 Bxd5
24.exd5 Bb6 25.c3 Rc5 26.Be3 Rc7 27.Bg5 Rc5 28.Be3 Rc7 29.Bg5  1/2-1/2

[Event "ch-TUR"]
[Site "Kemer-Antalya TUR"]
[Date "2011.02.08"]
[Round "5"]
[White "Afyoncu,O"]
[Black "Uysal,Burak"]
[Result "1-0"]
[WhiteElo "2116"]
[BlackElo "1798"]

1.e4 c5 2.Nf3 d6 3.d4 cxd4 4.Nxd4 Nf6 5.Nc3 a6 6.g3 e5 7.Nde2 Be7 8.Bg2 O-O
9.a4 b6 10.O-O Nbd7 11.h3 Bb7 12.g4 Nc5 13.Ng3 g6 14.f4 Nfd7 15.f5 Bc6 16.b4 Nb7
17.Bh6 b5 18.Bxf8 Nxf8 19.a5 Bh4 20.Qf3 Rc8 21.Rad1 Qe7 22.fxg6 hxg6 23.Nd5 Bxd5
24.exd5 Bxg3 25.Qxg3 Rxc2 26.Rf2 Rc4 27.Rb1 Nh7 28.Qe3 Rd4 29.Rc2 Kg7 30.Rc6 Nf6
31.Rxa6 Nd8 32.Ra8 Nxd5 33.Bxd5 Rxd5 34.a6 Nc6 35.Rc1 e4 36.Qc3+ Ne5 37.Qc8 Nf3+
38.Kf1 Qh4 39.Qf8+ Kf6 40.Qd8+ Ke5 41.Qxh4 Nxh4 42.Re8+ Kf4 43.a7 Rd2 44.a8=Q d5
45.Qb8+ Ke3 46.Rc3+ Kd4 47.Qe5+  1-0

[Event "ch-ROU Women"]
[Site "Sarata Monteoru ROU"]
[Date "2011.02.13"]
[Round "2.12"]
[White "Moldovan,Petruta-Alisia"]
[Black "Florea,Do"]
[Result "0-1"]
[WhiteElo "1691"]
[BlackElo "1906"]

1.e4 c5 2.Nf3 d6 3.d4 cxd4 4.Nxd4 Nf6 5.Nc3 a6 6.g3 e6 7.Bg2 Be7 8.O-O O-O
9.a4 Qc7 10.Be3 Nbd7 11.Nb3 Ne5 12.f4 Nc4 13.Bc1 Bd7 14.g4 Rfd8 15.g5 Ne8
16.f5 Qb6+ 17.Kh1 Ne3 18.Bxe3 Qxe3 19.h4 Qg3 20.g6 Qxh4+ 21.Kg1 fxg6 22.fxg6 hxg6
23.Qd3 Nf6 24.e5 Ng4 25.Rfe1 Qf2+ 26.Kh1 Nxe5 27.Rxe5 dxe5 28.Qxg6 Qf6 29.Qh5 Qh4+
30.Qxh4 Bxh4 31.Bxb7 Ra7 32.Be4 Rc7 33.Bd3 Bc6+ 34.Kg1 Bb7 35.Na5 Bc8 36.Nc4 Bg3
37.Kg2 Bf4 38.Re1 Bb7+ 39.Kh3 Rd4 40.Nxe5 Bd2  0-1

[Event "ch-ROU Men"]
[Site "Sarata Monteoru ROU"]
[Date "2011.02.13"]
[Round "2.4"]
[White "Florescu,C"]
[Black "Szabo,G ROM"]
[Result "0-1"]
[WhiteElo "2226"]
[BlackElo "2542"]

1.e4 c5 2.Nf3 d6 3.d4 cxd4 4.Nxd4 Nf6 5.Nc3 a6 6.g3 e5 7.Nb3 Be7 8.a4 b6
9.Bg2 Bb7 10.O-O Nbd7 11.Re1 O-O 12.Nd2 Rc8 13.Nf1 Nc5 14.Bg5 Ne6 15.Bxf6 Bxf6
16.Ne3 Rc5 17.Ncd5 Bg5 18.c3 g6 19.Qb3 b5 20.axb5 axb5 21.Ra7 Qb8 22.Rea1 Nc7
23.Nxc7 Bxe3 24.Nd5 Bxd5 25.exd5 Rxc3 26.bxc3 Bxa7 27.Bf1 Bc5 28.Qxb5 Qc8
29.Bd3 Qg4 30.Kg2 e4 31.Be2 Qf5 32.f4 Qxd5 33.Rd1 Qa2 34.f5 Kg7 35.Rf1 Rb8
36.Ra1 Qxa1 37.Qxb8 Qg1+ 38.Kh3 Qf2  0-1

[Event "Frauenbundesliga 1st Div 2010-11"]
[Site "Germany GER"]
[Date "2011.02.19"]
[Round "8.6"]
[White "Hodova,L"]
[Black "Lehmann,Christina"]
[Result "1/2-1/2"]
[WhiteElo "2129"]
[BlackElo "2087"]

1.e4 c5 2.Nf3 d6 3.d4 cxd4 4.Nxd4 Nf6 5.Nc3 a6 6.g3 Bg4 7.f3 Bd7 8.Be3 Nc6
9.Qd2 Rc8 10.O-O-O g6 11.g4 Bg7 12.g5 Nh5 13.Kb1 O-O 14.Nd5 Nxd4 15.Bxd4 Be6
16.Bxg7 Nxg7 17.h4 Rc5 18.Bh3 Qd7 19.Qh2 Re8 20.f4 Qa4  1/2-1/2

[Event "TCh-SVK Extraliga 2010-11"]
[Site "Slovakia SVK"]
[Date "2011.02.19"]
[Round "5.5"]
[White "Petenyi,T"]
[Black "Jurcik,Mart"]
[Result "1/2-1/2"]
[WhiteElo "2393"]
[BlackElo "2378"]

1.e4 c5 2.Nf3 d6 3.d4 cxd4 4.Nxd4 Nf6 5.Nc3 a6 6.g3 e6 7.Bg2 Qc7 8.O-O Nc6
9.b3 Be7 10.Bb2 O-O 11.Nce2 Bd7 12.c4 Rac8 13.Qd2 Rfd8 14.Rac1 Qb8 15.Rfd1 b5  1/2-1/2

[Event "TCh-SVK Extraliga 2010-11"]
[Site "Slovakia SVK"]
[Date "2011.02.20"]
[Round "6.5"]
[White "Seelinger,L"]
[Black "Banas,K"]
[Result "0-1"]
[WhiteElo "2224"]
[BlackElo "2232"]

1.e4 c5 2.Nf3 d6 3.d4 cxd4 4.Nxd4 Nf6 5.Nc3 a6 6.g3 e5 7.Nde2 Nbd7 8.Bg2 Nc5
9.O-O Be7 10.b4 Ne6 11.a4 a5 12.b5 Nc5 13.h3 O-O 14.g4 Be6 15.Ng3 g6 16.Bh6 Re8
17.f4 Bc4 18.Rf2 exf4 19.Bxf4 Ne6 20.Be3 Nd7 21.Nd5 Bh4 22.Kh2 Ne5 23.Nb6 Rb8
24.Qd2 Qc7 25.Nd5 Bxd5 26.b6 Qe7 27.Qxd5 Rbc8 28.Qxa5 Nc4 29.Qe1 Bf6 30.Rd1 Nxe3
31.Qxe3 Rc3 32.Qd2 Be5 33.Rf3 Rec8 34.Qh6 Rxf3 35.Bxf3 Bf4  0-1

[Event "27th Open"]
[Site "Cappelle la Grande FRA"]
[Date "2011.03.02"]
[Round "6.55"]
[White "Paleologu,V"]
[Black "Bijaoui,M"]
[Result "0-1"]
[WhiteElo "2167"]
[BlackElo "2403"]

1.e4 c5 2.Nf3 d6 3.d4 cxd4 4.Nxd4 Nf6 5.Nc3 a6 6.g3 e6 7.Bg2 Be7 8.O-O Qc7
9.h3 Nc6 10.Nxc6 bxc6 11.Be3 O-O 12.f4 Rb8 13.b3 Bb7 14.g4 d5 15.g5 Nd7 16.Kh1 Rbd8
17.f5 Bb4 18.Ne2 e5 19.g6 hxg6 20.fxg6 fxg6 21.Qd3 Nf6 22.Bg5 Qf7 23.Rad1 Be7
24.Qg3 Qe6 25.Bxf6 Rxf6 26.Rxf6 Qxf6 27.Bf3 Kh7 28.Rg1 Rf8 29.Rg2 Rf7 30.Rf2 Qh4
31.Kg2 dxe4 32.Bg4 Qxg3+ 33.Nxg3 Rxf2+ 34.Kxf2 Bh4 35.Kg2 c5 36.Ne2 Be1 37.Kf1 Bd2
38.Ng3 Bf4 39.Ne2 Bd2 40.Ng3 Kh6 41.Ke2 Bc1 42.Nf1 Kg5 43.Ne3 Kf4 44.Ng2+ Kg3
45.Ne3 Kf4 46.Ng2+ Kg5 47.Ne3 Kf6 48.Nc4 Bd5 49.Nd6 e3 50.Kd3 Kg5 51.Ke2 Kf4
52.Ne8 c4 53.Nc7 Be4 54.Ne6+ Kg3 55.bxc4 Bxc2 56.c5 Ba4 57.Nc7 Bc6 58.a3 Bd2
59.Ne6 Bb5+ 60.Kd1 Kf2 61.Kc2 Ba5 62.Ng5 e2 63.Ne4+ Ke3  0-1

[Event "27th Open"]
[Site "Cappelle la Grande FRA"]
[Date "2011.03.03"]
[Round "7.18"]
[White "Sharapov,E"]
[Black "Zhigalko,S"]
[Result "1/2-1/2"]
[WhiteElo "2468"]
[BlackElo "2671"]

1.e4 c5 2.Nf3 d6 3.d4 cxd4 4.Nxd4 Nf6 5.Nc3 a6 6.g3 g6 7.Bg2 Bg7 8.O-O O-O
9.h3 Nc6 10.Nde2 Rb8 11.Nd5 Nd7 12.c3 b5 13.Nd4 Nde5 14.f4 Nxd4 15.cxd4 Nc6
16.Be3 e6 17.Nc3 Qb6 18.Ne2 d5 19.e5 a5 20.Nc1 b4 21.Nb3 Nd8 22.Nc5  1/2-1/2

[Event "FSIM March"]
[Site "Budapest HUN"]
[Date "2011.03.10"]
[Round "6"]
[White "Lyell,M"]
[Black "Battey,A"]
[Result "1/2-1/2"]
[WhiteElo "2181"]
[BlackElo "2260"]

1.e4 c5 2.Nf3 d6 3.d4 cxd4 4.Nxd4 Nf6 5.Nc3 a6 6.g3 e6 7.Bg2 Be7 8.O-O O-O
9.a4 Qc7 10.Be3 Nc6 11.Nxc6 bxc6 12.f4 d5 13.a5 Rb8 14.Bd4 Nd7 15.exd5 cxd5
16.Kh1 Bf6 17.Bxf6 Nxf6 18.Qd4 Rxb2 19.Nxd5 Qxc2 20.Ne3 Qd2 21.Qxd2 Rxd2
22.Nc4 Rc2 23.Nb6 Bd7 24.Nxd7 Nxd7 25.Rfd1 Nc5 26.Rac1 Rxc1 27.Rxc1 Nb3 28.Rc6 Nxa5
29.Rxa6 Nc4 30.Rc6 Ne3 31.Rc3 Ng4 32.Bf3 Nf6 33.Kg2 Rd8 34.Kf2 h5 35.Ke3 g6
36.h3 Kg7 37.g4 Rh8 38.g5 Nd7 39.Rd3 Nb6 40.Rb3 Nc4+ 41.Ke2 Rd8 42.Rd3 Rb8
43.Kf2 Rb6 44.Be4 Rb4 45.Kf3 Rb2 46.Rc3 Nd2+ 47.Ke3 Nf1+ 48.Kf3 Rh2 49.Bd3 Rxh3+
50.Kg2 Rg3+ 51.Kxf1 Rf3+ 52.Kg2 Rxf4 53.Rc5 Kf8 54.Kg3 Rb4 55.Kf3 Rh4  1/2-1/2